000 00690nam a2200241Ia 4500
003 OSt
005 20220925212926.0
006 a|||||r|||| 00| 0
007 ta
008 220923b |||||||| |||| 00| 0 eng d
020 _a0 563 20119 3
037 _cGeneral Book
040 _aRTL
_cRTL
_beng
041 _2eng
_aeng
082 _aX:3M24xM18:g, M3
100 _aMclellan David
_980083
245 0 _aKarl Marx
_b The legecy from the B B C TV series wri
260 _aLondon
_bB B C
_c1983
300 _a192p
_ccm.
650 _aEconomic Classics Karl Marx
_9233100
942 _hX:3M24xM18:g, M3
_cGB
_2CC
999 _c561594
_d561594